000 01458cam a2200397 a 4500
001 16789
003 BD-RjUL
005 20211209000042.0
008 140215s1996 ii b 001 0 eng d
020 _a8186318267 (jacket)
020 _z8186318
035 _a(BD-RjUL)16844
040 _aDLC
_cDLC
_dBD-RjU
_beng
041 _aeng
082 0 0 _a813.54
_221
_bVER 1996
100 1 _aVevaina, Coomi S.
_951837
245 1 0 _aRe/membering selves :
_balienation and survival in the novels of Margaret Atwood and Margaret Laurence /
_cCoomi S. Vevaina.
246 3 _aRemembering selves
250 _a1st ed.
260 _aNew Delhi :
_bCreative Books,
_c1996.
300 _axiv, 378 p. ;
_c22 cm.
504 _aIncludes bibliographical references (p. [347]-373) and index.
600 1 0 _aAtwood, Margaret,
_d1939-
_xKnowledge
_xPsychology.
_951850
600 1 0 _aLaurence, Margaret
_xKnowledge
_xPsychology.
_951851
650 0 _aCanadian fiction
_xWomen authors
_xHistory and criticism.
_951841
650 0 _aWomen and literature
_zCanada
_xHistory
_y20th century.
_951842
650 0 _aPsychological fiction
_xHistory and criticism.
_951843
650 0 _aAlienation (Social psychology) in literature.
_951844
650 0 _aSurvival in literature.
_951845
650 0 _aSelf in literature.
_951846
653 _a29
942 _2ddc
_cBK
999 _c16789
_d16789